000 01230nam a2200301 i 4500
003 DO-SdBNP
005 20260530235046.0
007 ta
008 120410c2001 dr ar1p dd 0 0spa d
020 _a9993481963
040 _aDO-SdBNP
_bspa
_cBNPHU
_erda
041 _aspa
082 4 _a720.97293
_bA636
_223
245 0 0 _aAnuario 1 /
_ccuidado de edición, José Chez Checo
264 4 _aSanto Domingo, República Dominicana :
_bSecretaría de Estado de Cultura ;
_bPatronato de la Ciudad Colonial de Santo Domingo,
_c©2001.
300 _a625 páginas :
_bilustraciones, mapas ;
_c23 cm.
336 _atexto
_btxt
_2rdacontent
337 _asin mediación
_bn
_2rdamedia
338 _avolumen
_bnc
_2rdacarrier
500 _aIncluye referencias bibliográficas y notas al pie de las páginas
590 _aInventariado, 2025/BT
650 7 _aArquitectura colonial
_2armarc
_979362
_xAnuarios
_zRepública Dominicana
651 _aCiudad Colonial de Santo Domingo (República Dominicana)
_xMonumentos históricos
_vAnuarios
_989805
651 _aSanto Domingo (República Dominicana)
_xHistoria
_yEpoca colonial, 1492-1821
_989806
700 1 _aChez Checo, José,
_eeditor
_4ed.
_980381
910 _aBtavárez
942 _2ddc
_cLBS1
999 _c59259
_d59259